| 000 | 00682pam a2200241 a 4500 | ||
|---|---|---|---|
| 001 | 1963492 | ||
| 005 | 20180207042100.0 | ||
| 008 | 880208s1988 nyu b s001 0 eng | ||
| 010 | _a 88002119 | ||
| 020 | _a0887068022 | ||
| 020 | _a0887068030 (pbk.) | ||
| 040 |
_aDLC _cDLC _dDLC |
||
| 041 | _aeng | ||
| 043 | _an-us--- | ||
| 080 | _a353.0372 ROB | ||
| 082 | 0 | 0 |
_a353.0372 ROB _219 |
| 100 | 1 | _a22 | |
| 101 | _aPOL | ||
| 245 | 1 | 4 |
_aThe presidential veto : _cRobert J. Spitzer ; with a foreword by Louis Fisher. |
| 504 | _aBibliography: p. 159-171. | ||
| 906 |
_a7 _bcbc _corignew _d1 _eocip _f19 _gy-gencatlg |
||
| 942 |
_2ddc _cBK |
||
| 999 |
_c41985 _d41985 |
||